000 00629nam a2200229Ia 4500
003 OSt
005 20230517123132.0
008 210423s2014 xx 000 0 und d
020 _a978-93-5084-311-6
040 _cAL
041 _aeng
082 _a541.36
_223
_b KUMI
100 _aKUMAR (Uday)
_9106319
245 _aIntroduction to chemical thermodynamics
260 _aNew Delhi
_bCentrum Press
_c2014
300 _aviii,294
_bHB
365 _b3000
_cINR
650 _aChemistry
_9106320
650 _aPhysical & Theoretical Chemistry
_9106321
906 _achemical ; Introduction ; thermodynamics
942 _2ddc
_cBK
999 _c166593
_d166593